000 00938nam0a22002651 4500
001 rc\3041309
005 20250806201926.0
035 _a(NLR Aleph) 007181522
090 _a21659
_c21659
100 _a20111005d1941 u y0rusy50 ca
101 0 _arus
102 _aRU
105 _aa z |||||
200 1 _aЭлектронно-лучевые трубки
_fНКЭП СССР, Главрадиопром
210 _aЛенинград
_aМосква
_cГосэнергоиздат
_d1941
_eЛенинград
215 _a90 с.
_cил., черт.
_d22 см
300 _aНа обороте тит. л. указан составитель Г.Д. Жаглевский
702 1 _aЖаглевский
_bГ.Д.
_4220
801 0 _aRU
_bNLR
_gpsbo
801 1 _aRU
_bELAR
_2rusmarc
852 _aNLR
_jТ94 Г-6/9
942 _cBOOK
945 _aРоссийская национальная библиотека
980 _aNB
980 _aBV